Analysis of coniferous forest ecosystems in the Western United States /

Bibliographic Details
Other Authors: Edmonds, Robert L.
Format: Book
Language:English
Published: Stroudsburg, Pa. : Hutchinson Ross Pub. Co. ; [1982]
Series:US/IBP synthesis series ; 14.
Subjects:

MARC

Tag First Indicator Second Indicator Subfields
LEADER 00000pam a2200000 a 4500
001 in00000099186
005 20150924160017.0
008 801030s1982 paua b 00100 engm
010 |a  80026699  
020 |a 0879333820 
035 |a (OCoLC)06942667 
035 |9 AAL0061AM 
040 |a DLC  |c DLC  |d m.c.  |d TXA  |d UtOrBLW 
043 |a n-usp-- 
049 |a TXAM  |c [1633523] 
050 0 0 |a QK133  |b .A5 1981 
082 0 |a 581.5/2642/0978  |2 19 
090 |a QK133  |b  A5 1982 
245 0 0 |a Analysis of coniferous forest ecosystems in the Western United States /  |c edited by Robert L. Edmonds. 
264 1 |a Stroudsburg, Pa. :  |b Hutchinson Ross Pub. Co. ;  |c [1982] 
264 2 |a [New York] :  |b Distributed worldwide by Academic Press, 
264 4 |c ©1982 
300 |a xvii, 419 pages :  |b illustrations ;  |c 24 cm. 
336 |a text  |b txt  |2 rdacontent 
337 |a unmediated  |b n  |2 rdamedia 
338 |a volume  |b nc  |2 rdacarrier 
490 1 |a US/IBP synthesis series ;  |v v. 14 
500 |a Includes index. 
504 |a Bibliography: pages 387-411. 
650 0 |a Forest ecology  |z West (U.S.) 
650 0 |a Conifers  |x Ecology  |z West (U.S.) 
650 0 |a Stream ecology  |z West (U.S.) 
650 0 |a Lake ecology  |z West (U.S.) 
700 1 |a Edmonds, Robert L. 
830 0 |a US/IBP synthesis series ;  |v 14. 
999 |a MARS 
999 f f |s 4de96a58-6959-3a24-a5da-0fb65cf06ae3  |i 94da4445-6459-3c18-9983-18ef9488e5a0  |t 0 
952 f f |p ric  |a Texas A&M University  |b Rellis Campus  |c Joint Library Facility  |d Remote Storage  |t 0  |e QK133 A5 1982  |h Library of Congress classification  |i unmediated -- volume  |m A14806295058 
998 f f |a QK133 A5 1982  |t 0  |l Remote Storage